书目信息 |
| 题名: |
基于发光机理探究发光材料性能
|
|
| 作者: | 张小朋 , 韩立志 , 刘艳玲 著 | |
| 分册: | ||
| 出版信息: | 北京 中国纺织出版社有限公司 2020 |
|
| 页数: | 233页 | |
| 开本: | 24cm | |
| 丛书名: | ||
| 单 册: | ||
| 中图分类: | TB34 | |
| 科图分类: | ||
| 主题词: | 发光材料--性能 | |
| 电子资源: | ||
| ISBN: | 978-7-5180-6911-8 | |
| 000 | 00965nam0 2200241 450 | |
| 001 | 2329926695 | |
| 005 | 20231103081909.89 | |
| 010 | @a978-7-5180-6911-8@dCNY68.00 | |
| 100 | @a20201118d2020 em y0chiy50 ea | |
| 101 | 0 | @achi |
| 102 | @aCN@b110000 | |
| 105 | @aa z 000yy | |
| 200 | 1 | @a基于发光机理探究发光材料性能@9ji yu fa guang ji li tan jiu fa guang cai liao xing neng@f张小朋, 韩立志, 刘艳玲著 |
| 210 | @a北京@c中国纺织出版社有限公司@d2020 | |
| 215 | @a233页@c图@d24cm | |
| 330 | @a本书共十一章,基于发光原理介绍了相关发光材料——稀土发光材料、上转换发光材料、硅酸盐发光材料、长余辉发光材料、量子点光致发光材料、有机电致发光材料、小分子电致发光器件、聚合物电致发光器件和白光LED发光材料等相关内容。 | |
| 606 | 0 | @a发光材料@x性能 |
| 690 | @aTB34@v5 | |
| 701 | 0 | @a张小朋@9zhang xiao peng@4著 |
| 701 | 0 | @a韩立志@9han li zhi@4著 |
| 701 | 0 | @a刘艳玲@9liu yan ling@4著 |
| 801 | 0 | @aCN@b大连网信软件有限公司图书馆·11@c20231103 |
| 905 | @aBZT@dTB34@e5 | |
| 基于发光机理探究发光材料性能/张小朋, 韩立志, 刘艳玲著.-北京:中国纺织出版社有限公司,2020 |
| 233页:图;24cm |
| ISBN 978-7-5180-6911-8:CNY68.00 |
| 本书共十一章,基于发光原理介绍了相关发光材料——稀土发光材料、上转换发光材料、硅酸盐发光材料、长余辉发光材料、量子点光致发光材料、有机电致发光材料、小分子电致发光器件、聚合物电致发光器件和白光LED发光材料等相关内容。 |
| ● |
| 相关链接 |
|
|
|
正题名:基于发光机理探究发光材料性能
索取号:TB34/5
 
预约/预借
| 序号 | 登录号 | 条形码 | 馆藏地/架位号 | 状态 | 备注 |
| 1 | 2000978981 | 2000978981 | 中教、安徽混合/山东中教(第一批)/117/ [索取号:TB34/5] | 在馆 | |
| 2 | 2000978982 | 2000978982 | 中教、安徽混合/山东中教(第一批)/117/ [索取号:TB34/5] | 在馆 | |
| 3 | 2000978983 | 2000978983 | 中教、安徽混合/山东中教(第一批)/117/ [索取号:TB34/5] | 在馆 | |
| 4 | 2000978984 | 2000978984 | 中教、安徽混合/山东中教(第一批)/117/ [索取号:TB34/5] | 在馆 | |
| 5 | 2000978985 | 2000978985 | 中教、安徽混合/山东中教(第一批)/117/ [索取号:TB34/5] | 在馆 | |
| 6 | 2000978986 | 2000978986 | 中教、安徽混合/山东中教(第一批)/117/ [索取号:TB34/5] | 在馆 |